000 02078nam a22003017a 4500
001 1537
003 FISKH
005 20231018095924.0
008 230905b cb ||||| |||| 00| 0 khr d
020 _a9789995054922
040 _aFISKH
_beng
_cFISKH
_dFISKH
082 _a917.87
100 _aChakriya, Phou
245 _aសោភា សាលារៀន និងសួនកុមារ /
_cនិពន្ធដោយ ភូ ចរិយា - គូររូបដោយ សេង វិសុទ្ធ
250 _aបោះពុម្ពលើកទី១ សីហា ២០២២
260 _aPhnom Penh :
_bSipar,
_c2022.
300 _a23 pages :
_bcolor illustrations ;
_c24 cm
490 _aរឿងដំបូងៗ
505 _aG
520 _aព្រឹកនេះ សោភាមិនចង់ទៅសាលារៀនទេ នាងចង់ទៅលេងសួនកុមារ។ ពេលដែលម៉ាក់នាងតឿនឳ្យប្រញាប់ទៅរៀន សោភា ក៏ធ្វើពុតជារងា រកអាវមិនឃើញ បាត់ខ្មៅដៃ ឈឺពោះ។ ក្រោយមកម្ដាយរបស់នាងបានប្រាប់នាងថា គាត់និងជូននាងទៅរៀននៅពេលព្រឹង ហើយពេលល្ងាចនឹងជូននាងទៅលេងសួនកំសាន្ត។
520 _aThis morning, Sophea does not want to go to school, she wants to visit the park. When her mother urged her to hurry to school, Sophea pretended to have a cold and stomachache and could not find her shirt. Later, her mother told her that she would take her to school in the morning and in the evening she would take her to the park.
521 8 _a380
_bLexile estimate
521 8 _aG
_bRaz_plus
650 _aធ្វើពុត
_vសួនកុមារ
_xសាលារៀន
650 _aPretend
_vPark
_xSchool
700 _aVisoth, Seng
_eillustrator
942 _2ddc
_cBK
_n0
999 _c1537
_d1537